00527nam a2200193 a 4500001001300000003000900013005001700022008004100039020002300080082001300103100001900116245004800135260003700183300000900220500003500229505002400264650002600288700001900314nice12345678IN_TiNIC20260116013715.0050524s1994 newa grp 000 0 eng  a8185990 c10000a255bGOE aGoel, Sita Ram aCatholic Ashramsb Sannyasins Or Swindlers? aNew DelhibVoice of India c1994 a250p aincludes index and biblioraphy2 aBibliography, Index aMonasteries-Christian1 aGoel, Sita Ram